Acuerdo con el FMI: doble cinismo
Guardado en:
| Formato: | Texto |
|---|---|
| Materias: | |
| Etiquetas: |
Agregar Etiqueta
Sin Etiquetas, Sea el primero en etiquetar este registro!
|
MARC
| LEADER | 00000 a a2200000 04500 | ||
|---|---|---|---|
| 001 | 7064 | ||
| 003 | |||
| 040 | |||
| 245 | |a Acuerdo con el FMI: |b doble cinismo | ||
| 650 | |a FMI | ||
| 650 | |a ECONOMIA | ||
| 650 | |a GOBIERNO | ||
| 650 | |a POLITICA FISCAL | ||
| 650 | |a POLITICA ECONOMICA | ||
| 650 | |a PRIVATIZACION | ||
| 650 | |a REFORMA TRIBUTARIA | ||
| 650 | |a EXPORTACIONES | ||
| 650 | |a PARTIDOS POLITICOS | ||
| 773 | |g volumen 12, número 142; páginas 13-24 | ||
| 999 | |c 34351 |d 34351 | ||
